Colloquia de morbis practica et theoretica, questionibus et responsis ad usum ingenuae juventutis accomodata (Record no. 163631)
[ view plain ]
| 000 -LEADER | |
|---|---|
| campo de control de longitud fija | 00682nam a2200181 i 4500 |
| 001 - NÚMERO DE CONTROL | |
| campo de control | 163631 |
| 003 - IDENTIFICADOR DE NÚMERO DE CONTROL | |
| campo de control | ES-MaACL |
| 005 - FECHA Y HORA DE LA ÚLTIMA TRANSACCIÓN | |
| campo de control | 20250806051731.0 |
| 008 - DATOS DE LONGITUD FIJA--INFORMACIÓN GENERAL | |
| campo de control de longitud fija | 050715s1816 xxk | |||||||| ||lat d |
| 040 ## - FUENTE DE CATALOGACIÓN | |
| Centro catalogador/agencia de origen | CAM |
| Lengua de catalogación | spa |
| Centro/agencia transcriptor | CAM |
| 100 1# - ENTRADA PRINCIPAL--NOMBRE DE PERSONA | |
| Nombre de persona | Robertson , Archibaldo. |
| 9 (RLIN) | 131885 |
| 245 10 - MENCIÓN DEL TÍTULO | |
| Título | Colloquia de morbis practica et theoretica, questionibus et responsis ad usum ingenuae juventutis accomodata |
| Resto del título | : auctore Archibaldo Robertson ... |
| 260 ## - PUBLICACIÓN, DISTRIBUCIÓN, ETC. | |
| Lugar de publicación, distribución, etc. | Edinburgi : |
| Nombre del editor, distribuidor, etc. | Typis Academicis ac sumptibus auctoris, |
| Fecha de publicación, distribución, etc. | 1816 ( |
| Lugar de fabricación/manufactura | excudebat C. Steward) |
| 300 ## - DESCRIPCIÓN FÍSICA | |
| Extensión | X, 390 p. ; |
| Dimensiones | 14 cm. |
| 650 #7 - PUNTO DE ACCESO ADICIONAL DE MATERIA--TÉRMINO DE MATERIA | |
| Término de materia o nombre geográfico como elemento de entrada | Enfermedades |
| Fuente del encabezamiento o término | embne |
| 9 (RLIN) | 12257 |
| 852 ## - LOCALIZACIÓN | |
| Ubicación | ES-MaACL |
| Número de control de estantería | D-3979 |
| Nota libre | -- Enc. hol. |
| Estatus retirado | Estado de pérdida | Estado de daño | No para préstamo | Colección | Biblioteca de origen | Biblioteca actual | Ubicación en estantería | Fecha de adquisición | Fuente de adquisición | Total de préstamos | Signatura topográfica completa | Código de barras | Visto por última vez | Precio de reemplazo | Tipo de ítem Koha |
|---|---|---|---|---|---|---|---|---|---|---|---|---|---|---|---|
| Libros del s. XIX | Biblioteca del Ateneo de Madrid | Biblioteca del Ateneo de Madrid | Sala Valle Inclán | 17/01/2008 | D-3979 | 901171473 | 23/02/2023 | 23/02/2023 | Libro impreso antiguo |
